[Event "FIDE World Rapid Team"]
[Site "Almaty"]
[Date "2024.08.04"]
[Round "12.46"]
[White "Sadybekov, Adilzhan"]
[Black "Matymov, Madi"]
[Result "1-0"]
[WhiteElo "1674"]
[BlackElo "1824"]
[PlyCount "85"]
[EventDate "2024.08.02"]
[EventType "team (rapid)"]
[EventRounds "12"]
[EventCountry "KAZ"]
[SourceTitle "CBM 221 Extra"]
[Source "ChessBase"]
[SourceDate "2024.09.30"]
[SourceVersion "1"]
[SourceVersionDate "2024.09.30"]
[SourceQuality "1"]
[WhiteTeam "VKO Team"]
[BlackTeam "Abai"]
[WhiteTeamCountry "KAZ"]
[BlackTeamCountry "KAZ"]

1. d4 d5 2. Nf3 Nf6 3. Bf4 e6 4. e3 c5 5. c3 Nc6 6. Nbd2 Bd6 7. Bg3 c4 8. a4 e5 9. dxe5 Ne4 10. exd6 Nxg3 11. hxg3 Qxd6 12. Nxc4 Qe6 13. Na3 0-0 14. Nb5 Qd7 15. Bd3 g6 16. 0-0 Re8 17. Nbd4 Ne5 18. Nxe5 Rxe5 19. Be2 h5 20. Nf3 Re7 21. Qd4 Qc6 22. Bb5 Qe6 23. Rad1 a6 24. Be2 Rd7 25. Ne5 Rd8 26. Nd3 Qe7 27. Nf4 Be6 28. Bf3 Rd6 29. e4 Rad8 30. exd5 Bf5 31. Rfe1 Qg5 32. Nh3 Qh6 33. Qf4 Qf8 34. c4 b6 35. Ng5 Qg7 36. g4 hxg4 37. Bxg4 Bc2 38. Rd2 Bxa4 39. c5 Rf6 40. Qxa4 Qh6 41. Re8+ Rxe8 42. Qxe8+ Kg7 43. Qe5 1-0

[Event "FIDE World Rapid Team"]
[Site "Almaty"]
[Date "2024.08.02"]
[Round "3.22"]
[White "Matymov, Madi"]
[Black "Zheenbekov, Nurgazi"]
[Result "0-1"]
[WhiteElo "1824"]
[BlackElo "2124"]
[PlyCount "84"]
[EventDate "2024.08.02"]
[EventType "team (rapid)"]
[EventRounds "12"]
[EventCountry "KAZ"]
[SourceTitle "CBM 221 Extra"]
[Source "ChessBase"]
[SourceDate "2024.09.30"]
[SourceVersion "1"]
[SourceVersionDate "2024.09.30"]
[SourceQuality "1"]
[WhiteTeam "Abai"]
[BlackTeam "Kyrgyz Chess Academy"]
[WhiteTeamCountry "KAZ"]
[BlackTeamCountry "KGZ"]

1. d4 d5 2. c4 c6 3. Nc3 Nf6 4. Nf3 e6 5. Bg5 Be7 6. e3 Nbd7 7. cxd5 exd5 8. Qc2 0-0 9. Bd3 Re8 10. 0-0-0 Nf8 11. Ne5 Ng4 12. Bxe7 Qxe7 13. Nxg4 Bxg4 14. h3 Bxd1 15. Qxd1 b5 16. Kb1 a5 17. Qc2 a4 18. Rc1 Qa7 19. a3 g6 20. Na2 Rac8 21. Nb4 Qb7 22. Qc5 Ne6 23. Qd6 Red8 24. Qe5 c5 25. Nc2 b4 26. dxc5 bxa3 27. Nxa3 Rxc5 28. Rxc5 Nxc5 29. Bb5 Ne6 30. Bxa4 Qb4 31. Bc2 Qe1+ 32. Ka2 Qxf2 33. g3 d4 34. exd4 Qxd4 35. Qe2 Qd2 36. Qg4 Nd4 37. Bd1 Rb8 38. Nc4 Ra8+ 39. Na3 h5 40. Qe4 Rxa3+ 41. Kxa3 Qxd1 42. Qa8+ Kg7 0-1